Pokémon I Gen - ¡Muerte súbita! - Estadísticas

Estadísticas generales
  • Esta prueba ha sido intentada 3.168 veces
    1.382 desde el último reinicio
  • La puntuación promedio es 29 de 50
Answers on the Grid
Answers color-coded by a green-red scale on the quiz's grid according to % correct below.
 
Estadísticas de respuestas
Respuesta % Correcto
65%
65%
64%
64%
64%
64%
62%
62%
61%
61%
61%
61%
61%
61%
61%
60%
60%
60%
60%
60%
60%
60%
59%
59%
59%
59%
59%
59%
59%
59%
57%
57%
57%
57%
56%
56%
55%
55%
55%
55%
54%
54%
54%
53%
53%
53%
52%
51%
50%
49%
No se encontraron pruebas coincidentes
Distribución de puntuación
Porcentaje de gente con cada puntuación
Porcentaje por número respondido
Historial de tus puntuaciones
No has intentado esta prueba desde el último reinicio